[Event "Test Tournament"]
[Site "Emanuel Lasker Arena"]
[Date "2024.04.02"]
[Round "4"]
[White "Thomas Kydd"]
[Black "BobFuscher"]
[Result "1/2-1/2"]
[WhiteElo "2473"]
[BlackElo "2255"]
[Annotator "TA"]
[PlyCount "51"]
[EventDate "2024.04.02"]
[EventType "swiss (blitz)"]

{[%evp 10,51,42,33,156,-94,92,0,142,165,129,91,120,138,110,113,131,145,414,241,256,244,250,237,421,400,516,458,829,828,1645,1616,29988,29989,29989,29990,29990,29991,29991,0,29987,0,29991,0]} 1. e4 {[%emt 0:00:01]} e5 {[%emt 0:00:01]} 2. Nf3 {[%emt 0:00:01]} Nc6 {[%emt 0:00:01]} 3. Bb5 {[%emt 0:00:01]} a6 {[%emt 0:00:01]} 4. Ba4 {[%emt 0:00:01]} Nf6 {[%emt 0:00:01]} 5. O-O {[%emt 0:00:01]} Nxe4 {[%emt 0:00:01]} 6. d4 {[%emt 0:00:01]} Nxd4 {[%emt 0:00:01]} (6... b5 $14) 7. Nxe5 $2 {[%emt 0:00:01] [#]} (7. Nxd4 $16 {[%cal Of1e1] And now Re1! would win.} Nc5 (7... exd4 $2 8. Re1 $18) 8. Re1) 7... Bc5 $2 {[%emt 0:00:01] [#]} (7... Ne6 $1 $17 {stays on course.}) 8. Qg4 {[%emt 0:00:01]} (8. Re1 $1 $16 {[%cal Re1e4]} Qh4 9. Nd3 (9. g3 Nxf2 10. Nd3+ Kd8 $18)) 8... Nf6 {[%emt 0:00:01]} (8... Nxf2 $1 $11 9. Rxf2 O-O) 9. Qxg7 $16 {[%emt 0:00:01]} Rf8 {[%emt 0:00:01]} 10. Bg5 {[%emt 0:00:01]} Ne6 {[%emt 0:00:01]} 11. Qxf6 $40 {[%emt 0:00:00][%mdl 128] White is out for blood.} Nxg5 {[%emt 0:00:00]} 12. Qf5 {[%emt 0:00:02] Hoping for Re1. White is much more active.} b5 {[%emt 0:00:01][%cal Od7d6] ...d6! would now be deadly.} 13. Re1 {[%emt 0:00:02][%csl LRd7,LRf7]} Qe7 $2 {[%emt 0:00:01][%mdl 8192]} (13... Ne6 $16 {was called for.}) 14. Nd3 {[%emt 0:00:01]} (14. Nc3 $142 d5 15. Qd3 Bxf2+ 16. Kxf2 Qc5+ 17. Kf1) 14... Ne6 $18 {[%emt 0:00:01]} 15. Nxc5 {[%emt 0:00:00]} bxa4 {[%emt 0:00:00]} 16. Nc3 {[%emt 0:00:01]} Rb8 $2 {[%emt 0:00:01]} (16... Kd8) 17. Rad1 {[%emt 0:00:01]} (17. N3xa4 Rb4 18. b3 (18. Qxh7 Rh4 $16) 18... Rf4 $18) (17. N5xa4 Rg8 18. Qxh7 (18. Nd5 Qg5 $18) 18... Qg5 $18) 17... Rxb2 {[%emt 0:00:01]} 18. N5xa4 {[%emt 0:00:01] A dynamic duo of knights.} Rb4 {[%emt 0:00:02]} (18... Rb5 $142 19. Nxb5 axb5 20. Qxb5 Kd8) 19. Nd5 {[%emt 0:00:01]} (19. Qxh7 Bb7 20. Rb1 Qg5 $11) 19... Qh4 {[%emt 0:00:01]} 20. Nxc7+ {[%emt 0:00:00]} Kd8 {[%emt 0:00:01]} 21. Nxe6+ {[%emt 0:00:01]} fxe6 {[%emt 0:00:00]} 22. Qxf8+ {[%emt 0:00:00]} Kc7 {[%emt 0:00:01]} 23. Qd6+ {[%emt 0:00:01]} Kd8 {[%emt 0:00:01]} 24. Qf8+ {[%emt 0:00:01]} Kc7 {[%emt 0:00:01]} 25. Qd6+ {[%emt 0:00:01]} Kd8 {[%emt 0:00:01]} 26. Qf8+ $2 {[%emt 0:00:01] Weighted Error Value: White=1.25/Black=1.09.  Loses game:     	---       	Black=1      Mistake:       	White=3     	Black=4      Inaccurate:     	---       	Black=2      OK:         	White=5     	Black=1      Best:        	White=2     	Black=4} (26. Nc5 {mates} Ke8 27. Nxd7 (27. Nxa6 Rg4 $18) 27... Bxd7 28. Qxd7+ Kf8 29. Qc8+ (29. Qxe6 Rf4 30. Qe8+ Kg7 31. Rd7+ Kh6 32. Re6+ Rf6 33. Qf8+ Kg6 34. Qg7+ Kf5 35. Rd5+ Kf4 36. g3+ Kf3 37. Re3#) 29... Kg7 30. Rd7+ (30. Qxa6 Re4 $18) 30... Kf6 31. Qf8+ (31. Qxa6 Re4 $18) 31... Kg6 32. Qg7+ (32. Rxe6+ Qf6 33. Rxf6+ Kh5 34. Rxh7+ Kg5 35. Qg7#) 32... Kh5 33. Re5+ Qg5 34. Qxg5#) 1/2-1/2

[Event "Test Tournament"]
[Site "Emanuel Lasker Arena"]
[Date "2024.04.09"]
[Round "4"]
[White "Leuwe"]
[Black "CarlsenVomFach"]
[Result "0-1"]
[WhiteElo "2285"]
[BlackElo "2230"]
[Annotator "RC"]
[PlyCount "70"]
[EventDate "2024.04.09"]
[EventType "swiss (blitz)"]

1. d4 {[%emt 0:00:01]} d5 {[%emt 0:00:01]} 2. c4 {[%emt 0:00:01]} e6 {[%emt 0:00:01]} 3. Nc3 {[%emt 0:00:01]} c5 {[%emt 0:00:01]} 4. cxd5 {[%emt 0:00:01]} exd5 {[%emt 0:00:01]} 5. Nf3 {[%emt 0:00:01]} Nc6 {[%emt 0:00:01]} 6. g3 {[%emt 0:00:01]} Nf6 {[%emt 0:00:01]} 7. Bg2 {[%emt 0:00:01]} cxd4 {[%emt 0:00:01]} 8. Nxd4 {[%emt 0:00:01]} Bc5 {[%emt 0:00:01]} 9. Nb3 {[%emt 0:00:01]} Bb6 {[%emt 0:00:01]} 10. O-O {[%emt 0:00:01]} d4 {[%emt 0:00:01]} 11. Na4 {[%emt 0:00:01]} O-O {[%emt 0:00:01]} 12. Bg5 {[%emt 0:00:01]} Re8 {[%emt 0:00:01]} 13. Re1 {[%emt 0:00:01]} h6 {[%emt 0:00:01]} 14. Nxb6 {[%emt 0:00:01]} axb6 {[%emt 0:00:01]} 15. Bf4 {[%emt 0:00:01]} Be6 {[%emt 0:00:01]} 16. Bf3 {[%emt 0:00:01]} g5 {[%emt 0:00:02]} 17. Bd2 {[%emt 0:00:04]} Bd5 {[%emt 0:00:02]} 18. e3 {[%emt 0:00:02]} Bxf3 {[%emt 0:00:04]} 19. Qxf3 {[%emt 0:00:01]} d3 {[%emt 0:00:05]} 20. e4 {[%emt 0:00:05]} Ra4 {[%emt 0:00:03]} 21. Re3 {[%emt 0:00:03]} Raxe4 {[%emt 0:00:04]} 22. Rxd3 {[%emt 0:00:01]} Ne5 {[%emt 0:00:02]} 23. Qxe4 {[%emt 0:00:01]} Nxe4 {[%emt 0:00:01]} 24. Rxd8 {[%emt 0:00:00]} Rxd8 {[%emt 0:00:01]} 25. Be3 {[%emt 0:00:03]} Nc4 {[%emt 0:00:02]} 26. Bd4 {[%emt 0:00:02]} f5 {[%emt 0:00:02]} 27. Re1 {[%emt 0:00:02]} g4 {[%emt 0:00:02]} 28. a4 {[%emt 0:00:03]} Ng5 {[%emt 0:00:02]} 29. Kg2 {[%emt 0:00:01]} Nf3 {[%emt 0:00:02]} 30. Rd1 {[%emt 0:00:01]} Nxb2 {[%emt 0:00:01]} 31. Rb1 {[%emt 0:00:01]} Nxa4 {[%emt 0:00:01]} 32. Be3 {[%emt 0:00:03]} Rd3 {[%emt 0:00:02]} 33. Na1 {[%emt 0:00:02]} Kf7 {[%emt 0:00:02]} 34. Rb4 {[%emt 0:00:02]} Rd1 {[%emt 0:00:02]} 35. Rxa4 {[%emt 0:00:01]} Rg1# {[%emt 0:00:01] (Lag: Av=0.05s, max=0.1s)} 0-1

[Event "Test Tournament"]
[Site "Emanuel Lasker Arena"]
[Date "2024.04.02"]
[Round "4"]
[White "Leuwe"]
[Black "Swindler"]
[Result "1/2-1/2"]
[WhiteElo "2262"]
[BlackElo "2231"]
[Annotator "RC"]
[PlyCount "120"]
[EventDate "2024.04.02"]
[EventType "swiss (blitz)"]

1. e4 {[%emt 0:00:01]} c5 {[%emt 0:00:01]} 2. Nf3 {[%emt 0:00:01]} d6 {[%emt 0:00:01]} 3. d4 {[%emt 0:00:01]} cxd4 {[%emt 0:00:01]} 4. Nxd4 {[%emt 0:00:01]} Nf6 {[%emt 0:00:01]} 5. Nc3 {[%emt 0:00:01]} a6 {[%emt 0:00:01]} 6. Be3 {[%emt 0:00:01]} e6 {[%emt 0:00:01]} 7. f3 {[%emt 0:00:01]} h5 {[%emt 0:00:01]} 8. Qd2 {[%emt 0:00:01]} Be7 {[%emt 0:00:01]} 9. O-O-O {[%emt 0:00:01]} b5 {[%emt 0:00:01]} 10. Kb1 {[%emt 0:00:01]} Bb7 {[%emt 0:00:01]} 11. a3 {[%emt 0:00:01]} Qc7 {[%emt 0:00:02]} 12. h4 {[%emt 0:00:01]} Nbd7 {[%emt 0:00:01]} 13. Rg1 {[%emt 0:00:02]} d5 {[%emt 0:00:02]} 14. g4 {[%emt 0:00:01]} hxg4 {[%emt 0:00:01]} 15. exd5 {[%emt 0:00:01]} Nxd5 {[%emt 0:00:00]} 16. Nxd5 {[%emt 0:00:00]} Bxd5 {[%emt 0:00:01]} 17. Rxg4 {[%emt 0:00:01]} Ne5 {[%emt 0:00:02]} 18. Rxg7 {[%emt 0:00:01]} Rxh4 {[%emt 0:00:00]} 19. Rg8+ {[%emt 0:00:02]} Bf8 {[%emt 0:00:01]} 20. Bh6 {[%emt 0:00:02]} Rxh6 {[%emt 0:00:02]} 21. Qxh6 {[%emt 0:00:01]} Qc5 {[%emt 0:00:02]} 22. Qg7 {[%emt 0:00:01]} f6 {[%emt 0:00:01]} 23. Qxf6 {[%emt 0:00:02]} Nd7 {[%emt 0:00:01]} 24. Qg6+ {[%emt 0:00:01]} Ke7 {[%emt 0:00:01]} 25. Qg5+ {[%emt 0:00:01]} Kd6 {[%emt 0:00:01]} 26. Nxe6 {[%emt 0:00:01]} Kxe6 {[%emt 0:00:00]} 27. Rg6+ {[%emt 0:00:01]} Kf7 {[%emt 0:00:01]} 28. Rxd5 {[%emt 0:00:01]} Qe7 {[%emt 0:00:03]} 29. Rf5+ {[%emt 0:00:01]} Ke8 {[%emt 0:00:01]} 30. Qg3 {[%emt 0:00:01]} Qe3 {[%emt 0:00:01]} 31. Bd3 {[%emt 0:00:02]} Ra7 {[%emt 0:00:01]} 32. Rc6 {[%emt 0:00:01]} Kd8 {[%emt 0:00:02]} 33. Qh4+ {[%emt 0:00:01]} Be7 {[%emt 0:00:01]} 34. Qh8+ {[%emt 0:00:01]} Nf8 {[%emt 0:00:01]} 35. Rxf8+ {[%emt 0:00:01]} Bxf8 {[%emt 0:00:00]} 36. Qxf8+ {[%emt 0:00:00]} Qe8 {[%emt 0:00:01]} 37. Rc8+ {[%emt 0:00:01]} Kxc8 {[%emt 0:00:01]} 38. Qxe8+ {[%emt 0:00:00]} Kc7 {[%emt 0:00:01]} 39. Qe5+ {[%emt 0:00:01]} Kb6 {[%emt 0:00:02]} 40. Qd4+ {[%emt 0:00:01]} Kb7 {[%emt 0:00:01]} 41. Qg7+ {[%emt 0:00:01]} Kb6 {[%emt 0:00:01]} 42. Qd4+ {[%emt 0:00:01]} Kc7 {[%emt 0:00:01]} 43. Qxa7+ {[%emt 0:00:01]} Kd8 {[%emt 0:00:01]} 44. f4 {[%emt 0:00:01]} b4 {[%emt 0:00:03]} 45. Qd4+ {[%emt 0:00:01]} Kc7 {[%emt 0:00:01]} 46. Qe5+ {[%emt 0:00:01]} Kd7 {[%emt 0:00:01]} 47. Bf5+ {[%emt 0:00:01]} Kc6 {[%emt 0:00:01]} 48. Qe4+ {[%emt 0:00:01]} Kd6 {[%emt 0:00:01]} 49. Qxb4+ {[%emt 0:00:00]} Kc6 {[%emt 0:00:01]} 50. Be4+ {[%emt 0:00:01]} Kc7 {[%emt 0:00:01]} 51. Qe7+ {[%emt 0:00:01]} Kc8 {[%emt 0:00:01]} 52. Qe6+ {[%emt 0:00:01]} Kc7 {[%emt 0:00:01]} 53. Qc6+ {[%emt 0:00:01]} Kd8 {[%emt 0:00:00]} 54. Qd6+ {[%emt 0:00:01]} Kc8 {[%emt 0:00:00]} 55. Qxa6+ {[%emt 0:00:00]} Kd7 {[%emt 0:00:01]} 56. Qg6 {[%emt 0:00:01]} Kc7 {[%emt 0:00:01]} 57. b4 {[%emt 0:00:01]} Kd7 {[%emt 0:00:01]} 58. b5 {[%emt 0:00:01]} Ke7 {[%emt 0:00:01]} 59. b6 {[%emt 0:00:01]} Kd7 {[%emt 0:00:01]} 60. b7 {[%emt 0:00:01]} Kc7 {[%emt 0:00:01]} 1/2-1/2

[Event "Test Tournament"]
[Site "Emanuel Lasker Arena"]
[Date "2024.04.02"]
[Round "4"]
[White "Leuwe"]
[Black "CarlsenVomFach"]
[Result "*"]
[WhiteElo "2250"]
[BlackElo "2069"]
[Annotator "RC"]
[PlyCount "97"]
[EventDate "2024.04.02"]
[EventType "swiss (blitz)"]

1. d4 {[%emt 0:00:01]} Nf6 {[%emt 0:00:01]} 2. c4 {[%emt 0:00:01]} g6 {[%emt 0:00:01]} 3. Nc3 {[%emt 0:00:01]} d5 {[%emt 0:00:01]} 4. cxd5 {[%emt 0:00:01]} Nxd5 {[%emt 0:00:01]} 5. e4 {[%emt 0:00:01]} Nxc3 {[%emt 0:00:01]} 6. bxc3 {[%emt 0:00:01]} Bg7 {[%emt 0:00:01]} 7. Bc4 {[%emt 0:00:01]} c5 {[%emt 0:00:01]} 8. Ne2 {[%emt 0:00:01]} cxd4 {[%emt 0:00:01]} 9. cxd4 {[%emt 0:00:01]} Nc6 {[%emt 0:00:01]} 10. Qb3 {[%emt 0:00:01]} O-O {[%emt 0:00:01]} 11. Be3 {[%emt 0:00:01]} Nxd4 {[%emt 0:00:00]} 12. Nxd4 {[%emt 0:00:00]} Bxd4 {[%emt 0:00:01]} 13. Bxd4 {[%emt 0:00:01]} Qxd4 {[%emt 0:00:01]} 14. O-O {[%emt 0:00:01]} Bg4 {[%emt 0:00:06]} 15. h3 {[%emt 0:00:02]} Bd7 {[%emt 0:00:01]} 16. Rad1 {[%emt 0:00:01]} Qxe4 {[%emt 0:00:02]} 17. Rxd7 {[%emt 0:00:01]} Rac8 {[%emt 0:00:01]} 18. Bd5 {[%emt 0:00:01]} Qe5 {[%emt 0:00:02]} 19. Bf3 {[%emt 0:00:01]} Rfd8 {[%emt 0:00:01]} 20. Rxd8+ {[%emt 0:00:00]} Rxd8 {[%emt 0:00:00]} 21. Qxb7 {[%emt 0:00:01]} Qc5 {[%emt 0:00:01]} 22. Qb2 {[%emt 0:00:01]} Qa5 {[%emt 0:00:02]} 23. Rc1 {[%emt 0:00:01]} h5 {[%emt 0:00:01]} 24. g3 {[%emt 0:00:01]} h4 {[%emt 0:00:01]} 25. gxh4 {[%emt 0:00:00]} Qf5 {[%emt 0:00:02]} 26. Kg2 {[%emt 0:00:01]} Qf4 {[%emt 0:00:01]} 27. h5 {[%emt 0:00:01]} Rb8 {[%emt 0:00:01]} 28. Qc3 {[%emt 0:00:01]} gxh5 {[%emt 0:00:00]} 29. Qc7 {[%emt 0:00:01]} Qg5+ {[%emt 0:00:02]} 30. Qg3 {[%emt 0:00:01]} Rb5 {[%emt 0:00:01]} 31. Rc7 {[%emt 0:00:01]} Qxg3+ {[%emt 0:00:01]} 32. Kxg3 {[%emt 0:00:00]} Rg5+ {[%emt 0:00:02]} 33. Kh4 {[%emt 0:00:01]} Ra5 {[%emt 0:00:01]} 34. Rc2 {[%emt 0:00:01]} Kg7 {[%emt 0:00:01]} 35. Bxh5 {[%emt 0:00:00]} Kf6 {[%emt 0:00:01]} 36. Re2 {[%emt 0:00:01]} e6 {[%emt 0:00:01]} 37. Bg4 {[%emt 0:00:01]} Kg7 {[%emt 0:00:01]} 38. Rb2 {[%emt 0:00:01]} Ra4 {[%emt 0:00:01]} 39. Kg3 {[%emt 0:00:01]} f5 {[%emt 0:00:01]} 40. Bd1 {[%emt 0:00:01]} Ra3+ {[%emt 0:00:01]} 41. f3 {[%emt 0:00:01]} e5 {[%emt 0:00:08]} 42. Bb3 {[%emt 0:00:01]} e4 {[%emt 0:00:01]} 43. fxe4 {[%emt 0:00:00]} fxe4 {[%emt 0:00:00]} 44. Kf4 {[%emt 0:00:01]} Kh6 {[%emt 0:00:01]} 45. Kxe4 {[%emt 0:00:01]} Rxa2 {[%emt 0:00:00]} 46. Bxa2 {[%emt 0:00:01]} Kh5 {[%emt 0:00:01]} 47. Bf7+ {[%emt 0:00:01]} Kh4 {[%emt 0:00:01]} 48. Ke5 {[%emt 0:00:01]} Kxh3 {[%emt 0:00:00]} 49. Be6+ {[%emt 0:00:01]} *

[Event "Test Tournament"]
[Site "Emanuel Lasker Arena"]
[Date "2024.04.09"]
[Round "4"]
[White "Swindler"]
[Black "Fuerteventura"]
[Result "0-1"]
[WhiteElo "2226"]
[BlackElo "1620"]
[Annotator "RC"]
[PlyCount "36"]
[EventDate "2024.04.09"]
[EventType "swiss (blitz)"]
[TimeControl "60"]

1. e4 {[%emt 0:00:01]} e5 {[%emt 0:00:01]} 2. Nf3 {[%emt 0:00:01]} Nc6 {[%emt 0:00:02]} 3. Bb5 {[%emt 0:00:01]} a6 {[%emt 0:00:01]} 4. Ba4 {[%emt 0:00:01]} Nf6 {[%emt 0:00:01]} 5. O-O {[%emt 0:00:01]} Nxe4 {[%emt 0:00:00]} 6. d4 {[%emt 0:00:01]} b5 {[%emt 0:00:01]} 7. Bb3 {[%emt 0:00:01]} d5 {[%emt 0:00:01]} 8. dxe5 {[%emt 0:00:01]} Be6 {[%emt 0:00:01]} 9. Nbd2 {[%emt 0:00:01]} Nc5 {[%emt 0:00:01]} 10. c3 {[%emt 0:00:01]} d4 {[%emt 0:00:01]} 11. cxd4 {[%emt 0:00:01]} Nxd4 {[%emt 0:00:01]} 12. Nxd4 {[%emt 0:00:01]} Qxd4 {[%emt 0:00:01]} 13. Bxe6 {[%emt 0:00:01]} Nxe6 {[%emt 0:00:01]} 14. Qf3 {[%emt 0:00:01]} Rd8 {[%emt 0:00:01]} 15. Qc6+ {[%emt 0:00:01]} Qd7 {[%emt 0:00:02]} 16. Ne4 {[%emt 0:00:05]} Qxc6 {[%emt 0:00:01]} 17. Re1 {[%emt 0:00:03]} Qxe4 {[%emt 0:00:02]} 18. Rxe4 {[%emt 0:00:03]} Rd1+ {[%emt 0:00:03] Swindler resigns (Lag: Av=0.12s, max=1.1s)} 0-1

[Event "Test Tournament"]
[Site "Emanuel Lasker Arena"]
[Date "2024.04.09"]
[Round "4"]
[White "Josha Matin"]
[Black "Sauerbruch"]
[Result "1-0"]
[WhiteElo "2219"]
[BlackElo "1620"]
[Annotator "RC"]
[PlyCount "53"]
[EventDate "2024.04.09"]
[EventType "swiss (blitz)"]

1. e4 {[%emt 0:00:01]} e5 {[%emt 0:00:01]} 2. Nf3 {[%emt 0:00:01]} Nc6 {[%emt 0:00:01]} 3. Bb5 {[%emt 0:00:01]} a6 {[%emt 0:00:01]} 4. Ba4 {[%emt 0:00:01]} Nf6 {[%emt 0:00:01]} 5. O-O {[%emt 0:00:01]} Be7 {[%emt 0:00:01]} 6. Re1 {[%emt 0:00:01]} b5 {[%emt 0:00:01]} 7. Bb3 {[%emt 0:00:01]} O-O {[%emt 0:00:01]} 8. c3 {[%emt 0:00:01]} d6 {[%emt 0:00:01]} 9. h3 {[%emt 0:00:01]} Na5 {[%emt 0:00:01]} 10. Bc2 {[%emt 0:00:01]} c5 {[%emt 0:00:01]} 11. d4 {[%emt 0:00:01]} Qc7 {[%emt 0:00:01]} 12. Nbd2 {[%emt 0:00:01]} Bd7 {[%emt 0:00:01]} 13. Nf1 {[%emt 0:00:01]} Nc4 {[%emt 0:00:01]} 14. b3 {[%emt 0:00:01]} Qa5 {[%emt 0:00:14]} 15. bxc4 {[%emt 0:00:01]} Qxc3 {[%emt 0:00:01]} 16. Bd2 {[%emt 0:00:04]} Qb2 {[%emt 0:00:01]} 17. Rb1 {[%emt 0:00:03]} Qxa2 {[%emt 0:00:01]} 18. dxe5 {[%emt 0:00:01]} dxe5 {[%emt 0:00:01]} 19. Nxe5 {[%emt 0:00:01]} b4 {[%emt 0:00:03]} 20. Ra1 {[%emt 0:00:04]} Ng4 {[%emt 0:00:15]} 21. Nxd7 {[%emt 0:00:01]} Qxc4 {[%emt 0:00:01]} 22. hxg4 {[%emt 0:00:03]} h5 {[%emt 0:00:02]} 23. Nxf8 {[%emt 0:00:02]} Rd8 {[%emt 0:00:02]} 24. Ng6 {[%emt 0:00:02]} Bf6 {[%emt 0:00:01]} 25. e5 {[%emt 0:00:02]} b3 {[%emt 0:00:00]} 26. Bxb3 {[%emt 0:00:02]} Qd3 {[%emt 0:00:02]} 27. Nf4 {[%emt 0:00:02] Time} 1-0

[Event "Test Tournament"]
[Site "Emanuel Lasker Arena"]
[Date "2024.04.09"]
[Round "4"]
[White "Chartwell"]
[Black "Roberta Draper"]
[Result "0-1"]
[WhiteElo "2149"]
[BlackElo "1620"]
[Annotator "RC"]
[PlyCount "80"]
[EventDate "2024.04.09"]
[EventType "swiss (blitz)"]
[TimeControl "60"]

1. c4 {[%emt 0:00:01]} c5 {[%emt 0:00:01]} 2. g3 {[%emt 0:00:01]} Nf6 {[%emt 0:00:01]} 3. Bg2 {[%emt 0:00:01]} Nc6 {[%emt 0:00:07]} 4. Nc3 {[%emt 0:00:01]} g6 {[%emt 0:00:01]} 5. a3 {[%emt 0:00:01]} Bg7 {[%emt 0:00:01]} 6. Rb1 {[%emt 0:00:01]} a5 {[%emt 0:00:01]} 7. e4 {[%emt 0:00:01]} d6 {[%emt 0:00:01]} 8. Nf3 {[%emt 0:00:01]} Bg4 {[%emt 0:00:01]} 9. d3 {[%emt 0:00:04]} Nd7 {[%emt 0:00:02]} 10. h3 {[%emt 0:00:03]} Bxf3 {[%emt 0:00:04]} 11. Bxf3 {[%emt 0:00:01]} Nd4 {[%emt 0:00:03]} 12. Nd5 {[%emt 0:00:08]} Ne5 {[%emt 0:00:07]} 13. Bg4 {[%emt 0:00:03]} h5 {[%emt 0:00:03]} 14. Be2 {[%emt 0:00:03]} Bh6 {[%emt 0:00:02]} 15. Qa4+ {[%emt 0:00:03]} Kf8 {[%emt 0:00:02]} 16. f4 {[%emt 0:00:02]} e6 {[%emt 0:00:02]} 17. fxe5 {[%emt 0:00:02]} b5 {[%emt 0:00:01]} 18. cxb5 {[%emt 0:00:01]} Bxc1 {[%emt 0:00:01]} 19. Rxc1 {[%emt 0:00:01]} exd5 {[%emt 0:00:01]} 20. exd5 {[%emt 0:00:02]} Qg5 {[%emt 0:00:02]} 21. Rc4 {[%emt 0:00:02]} Qe3 {[%emt 0:00:01]} 22. Rxd4 {[%emt 0:00:01]} cxd4 {[%emt 0:00:01]} 23. e6 {[%emt 0:00:02]} fxe6 {[%emt 0:00:01]} 24. dxe6 {[%emt 0:00:01]} Rc8 {[%emt 0:00:01]} 25. Rf1+ {[%emt 0:00:02]} Ke7 {[%emt 0:00:01]} 26. Rf7+ {[%emt 0:00:01]} Kxe6 {[%emt 0:00:01]} 27. Qb3+ {[%emt 0:00:01]} d5 {[%emt 0:00:01]} 28. Kf1 {[%emt 0:00:02]} Kxf7 {[%emt 0:00:01]} 29. Qxd5+ {[%emt 0:00:01]} Kg7 {[%emt 0:00:01]} 30. Qb7+ {[%emt 0:00:01]} Kh6 {[%emt 0:00:01]} 31. Bd1 {[%emt 0:00:01]} Rc1 {[%emt 0:00:01]} 32. Kg2 {[%emt 0:00:01]} Rxd1 {[%emt 0:00:01]} 33. Qg7+ {[%emt 0:00:01]} Kxg7 {[%emt 0:00:01]} 34. b6 {[%emt 0:00:01]} Rf8 {[%emt 0:00:01]} 35. b7 {[%emt 0:00:01]} Rd2+ {[%emt 0:00:01]} 36. Kh1 {[%emt 0:00:01]} Rff2 {[%emt 0:00:02]} 37. h4 {[%emt 0:00:01]} Rg2 {[%emt 0:00:01]} 38. b8=R {[%emt 0:00:01]} Rxb2 {[%emt 0:00:01]} 39. Rd8 {[%emt 0:00:00]} Qxg3 {[%emt 0:00:00]} 40. Rxd4 {[%emt 0:00:00]} Rh2# {[%emt 0:00:01] (Lag: Av=0.10s, max=0.9s)} 0-1

[Event "Test Tournament"]
[Site "Emanuel Lasker Arena"]
[Date "2024.04.09"]
[Round "4"]
[White "Chartwell"]
[Black "Roberta Draper"]
[Result "1-0"]
[WhiteElo "2149"]
[BlackElo "1620"]
[Annotator "RC"]
[PlyCount "51"]
[EventDate "2024.04.09"]
[EventType "swiss (blitz)"]

1. d4 {[%emt 0:00:01]} f5 {[%emt 0:00:01]} 2. Nc3 {[%emt 0:00:05]} Nf6 {[%emt 0:00:01]} 3. Bg5 {[%emt 0:00:05]} d5 {[%emt 0:00:01]} 4. Bxf6 {[%emt 0:00:01]} exf6 {[%emt 0:00:01]} 5. e3 {[%emt 0:00:01]} c6 {[%emt 0:00:01]} 6. Bd3 {[%emt 0:00:08]} Na6 {[%emt 0:00:05]} 7. a3 {[%emt 0:00:01]} Nc7 {[%emt 0:00:01]} 8. Nce2 {[%emt 0:00:03]} Bd6 {[%emt 0:00:01]} 9. c4 {[%emt 0:00:02]} g6 {[%emt 0:00:04]} 10. c5 {[%emt 0:00:03]} Bf8 {[%emt 0:00:04]} 11. Nf4 {[%emt 0:00:03]} g5 {[%emt 0:00:03]} 12. Qh5+ {[%emt 0:00:02]} Kd7 {[%emt 0:00:01]} 13. Bxf5+ {[%emt 0:00:01]} Ke7 {[%emt 0:00:01]} 14. Bxc8 {[%emt 0:00:01]} Qxc8 {[%emt 0:00:01]} 15. Ng6+ {[%emt 0:00:01]} hxg6 {[%emt 0:00:01]} 16. Qxh8 {[%emt 0:00:01]} Qg4 {[%emt 0:00:03]} 17. Kf1 {[%emt 0:00:02]} a5 {[%emt 0:00:03]} 18. h4 {[%emt 0:00:02]} Ne6 {[%emt 0:00:03]} 19. Nf3 {[%emt 0:00:02]} Qe4 {[%emt 0:00:03]} 20. hxg5 {[%emt 0:00:01]} Nxg5 {[%emt 0:00:01]} 21. Rh4 {[%emt 0:00:01]} Qc2 {[%emt 0:00:03]} 22. Nxg5 {[%emt 0:00:02]} fxg5 {[%emt 0:00:01]} 23. Rh7+ {[%emt 0:00:01]} Ke8 {[%emt 0:00:01]} 24. Qe5+ {[%emt 0:00:01]} Kd8 {[%emt 0:00:01]} 25. Qc7+ {[%emt 0:00:01]} Ke8 {[%emt 0:00:01]} 26. Qd7# {[%emt 0:00:01] (Lag: Av=0.09s, max=0.6s)} 1-0

[Event "Test Tournament"]
[Site "Emanuel Lasker Arena"]
[Date "2024.04.09"]
[Round "4"]
[White "Jamie Fraser"]
[Black "Daenerys"]
[Result "1-0"]
[WhiteElo "2119"]
[BlackElo "1922"]
[Annotator "RC"]
[PlyCount "53"]
[EventDate "2024.04.09"]
[EventType "swiss (blitz)"]
[TimeControl "60"]

1. e4 {[%emt 0:00:01]} e5 {[%emt 0:00:01]} 2. Nf3 {[%emt 0:00:01]} Nc6 {[%emt 0:00:01]} 3. Bb5 {[%emt 0:00:01]} f5 {[%emt 0:00:01]} 4. Nc3 {[%emt 0:00:01]} fxe4 {[%emt 0:00:01]} 5. Nxe4 {[%emt 0:00:01]} Nf6 {[%emt 0:00:01]} 6. Nxf6+ {[%emt 0:00:01]} Qxf6 {[%emt 0:00:02]} 7. O-O {[%emt 0:00:01]} Be7 {[%emt 0:00:01]} 8. Qe2 {[%emt 0:00:01]} d6 {[%emt 0:00:01]} 9. d4 {[%emt 0:00:01]} exd4 {[%emt 0:00:02]} 10. Bg5 {[%emt 0:00:02]} Qe6 {[%emt 0:00:02]} 11. Qxe6 {[%emt 0:00:01]} Bxe6 {[%emt 0:00:01]} 12. Rfe1 {[%emt 0:00:08]} h6 {[%emt 0:00:04]} 13. Nxd4 {[%emt 0:00:04]} hxg5 {[%emt 0:00:02]} 14. Nxe6 {[%emt 0:00:01]} Kf7 {[%emt 0:00:04]} 15. Nxc7 {[%emt 0:00:01]} Rac8 {[%emt 0:00:03]} 16. Nd5 {[%emt 0:00:04]} Ne5 {[%emt 0:00:03]} 17. c4 {[%emt 0:00:03]} g4 {[%emt 0:00:03]} 18. Re4 {[%emt 0:00:03]} Rc5 {[%emt 0:00:02]} 19. b4 {[%emt 0:00:02]} g3 {[%emt 0:00:18]} 20. Rf4+ {[%emt 0:00:02]} Bf6 {[%emt 0:00:01]} 21. bxc5 {[%emt 0:00:01]} Rxh2 {[%emt 0:00:01]} 22. cxd6 {[%emt 0:00:02]} Ng6 {[%emt 0:00:01]} 23. Rf5 {[%emt 0:00:02]} Nh4 {[%emt 0:00:01]} 24. Rf4 {[%emt 0:00:02]} Rxg2+ {[%emt 0:00:00]} 25. Kf1 {[%emt 0:00:01]} Rh2 {[%emt 0:00:01]} 26. Nxf6 {[%emt 0:00:01]} Rh1+ {[%emt 0:00:01] '} 27. Ke2 {[%emt 0:00:01] (Lag: Av=0.09s, max=1.0s)} 1-0